Clase Magistral: 80 años Escuela de Derecho
Saved in:
| Hovedforfatter: | |
|---|---|
| Format: | Bog |
| Sprog: | spansk |
| Udgivet: |
Valparaíso
Ediciones Universitarias de Valparaíso
1974
|
| Udgivelse: | 1a. ed |
| Fag: | |
| Tags: |
Tilføj Tag
Ingen Tags, Vær først til at tagge denne postø!
|
MARC
| LEADER | 00000nam a2200000 a 4500 | ||
|---|---|---|---|
| 001 | UCJ7348 | ||
| 003 | CL-VaPUC | ||
| 008 | 070124e19741011CL |||||||||||||||||spa|d | ||
| 082 | 0 | 4 | |a 378 |b PAS |2 21 |
| 100 | |a Pascal García-Huidobro, Enrique |e autor |9 307845 | ||
| 245 | 1 | 0 | |a Clase Magistral: 80 años Escuela de Derecho |
| 250 | |a 1a. ed | ||
| 300 | |a 28 p | ||
| 942 | |c BK | ||
| 945 | |d 20070124 00:00:00 |a rinostro | ||
| 260 | |a Valparaíso |b Ediciones Universitarias de Valparaíso |c 1974 | ||
| 500 | |a El Padre Pascal fue un brillante profesor de Derecho Constitucional en nuestra Escuela de Derecho | ||
| 600 | 0 | 7 | |a ESCUELA DE DERECHO |2 CL-VaPUC |9 405259 |
| 600 | 0 | 7 | |a SAGRADOS CORAZONES |2 CL-VaPUC |9 507984 |
| 650 | 0 | |a Filosofía del derecho |9 255050 | |
| 650 | 0 | |a Archivo histórico PUCV |9 255554 | |
| 650 | 0 | |a Universidades católicas |9 309230 | |
| 650 | 0 | |a Órdenes religiosas |9 257499 | |
| 650 | 0 | |a Académicos |x Pontificia Universidad Católica de Valparaíso (PUCV) |9 255553 | |
| 583 | |a last modification |c 20170829 09:52:43 |k Rodrigo Vera | ||
| 999 | |c 323440 |d 323438 | ||
| 952 | |0 0 |1 0 |4 0 |6 378_000000000000000_PAS_1974 |7 0 |8 X |9 403016 |a FDOBUD |b FDOBUD |d 2019-11-22 |i 1061291 |o 378 PAS 1974 |p 1061291 |r 2019-11-22 |w 2019-11-22 |y BK_X |k FHP | ||
| 952 | |0 0 |1 0 |4 0 |6 378_000000000000000_PAS_1974 |7 0 |8 X |9 403017 |a FDOBUD |b FDOBUD |d 2019-11-22 |i 1081845 |o 378 PAS 1974 |p 1081845 |r 2019-11-22 |w 2019-11-22 |y BK_X |k FHP | ||
| 952 | |0 0 |1 0 |2 ddc |4 0 |6 378_000000000000000_PAS_1974 |7 1 |8 C_LRYV |9 403018 |a FDOBRV |b BIBDER |d 2019-11-22 |i 4546687 |l 1 |o 378 PAS 1974 |p 4546687 |r 2024-04-18 |s 2024-04-08 |w 2019-11-22 |y BK_X |k BRV | ||